000 00634nam a2200229Ia 4500
001 1076
003 GE_BSU
008 181216s||||||||xx |||||||||||||| ||und||
040 _cGE_BSU
080 _a519.6(075.8)
100 _aТаха,Х.
245 _aВведение и исследование операции в 2-х книгах.Кн.1
245 _cПер. с англ.
260 _aМосква
260 _bМир
260 _c1985
300 _a479стр.
541 _h12л.
653 _aВведение и исследование операции
653 _aმათემატიკა
942 _cBK
999 _c35230
_d35230